000 01453nam a22001817a 4500
005 20260314122309.0
008 260314b |||||||| |||| 00| 0 eng d
020 _a9781557531575
_qpbk
041 _aeng
082 _a193
_bTON
100 _aTongeren Paul Van
245 _aReinterpreting Modern Culture: An Introduction to Friedrich Nietzsche's Philosophy
_c/Paul Van Tongeren
260 _bPurdue Univ Pr
_c2000.
300 _a322p,;
_c20 cm.
504 _aindex
520 _aFriedrich Nietzsche (1844-1900) presents himself several times as a physician of culture. He considers it his task to make a diagnosis of the culture of his age, to point to the latent or patent diseases, but also to the possibilities to overcome them. His diagnosis, prognosis, and prescriptions implied an overcoming of traditional interpretation of what is going on in the main domains of culture: knowledge, morality, religion, and art. An introduction to Nietzsche’s thinking should be a confrontation with a challenging reinterpretation of our own culture. Friedrich Nietzsche himself claimed that one does not really know his work without being both irritated and fascinated by it, without having “experienced” it. This book presents Nietzsche's thoughts on knowledge and reality, on morality and politics, and on religion. Preceding these main dialogues is an introduction on the art of reading Nietzsche's texts and on his art of writing.
942 _cREF
999 _c617726
_d617726